स्वातन्त्रोत्तर हिंदी कहानी / (Record no. 115285)

MARC details
000 -LEADER
fixed length control field 01104nam a22002657a 4500
005 - DATE AND TIME OF LATEST TRANSACTION
control field 20170124103021.0
010 ## - LIBRARY OF CONGRESS CONTROL NUMBER
LC control number A-363660
020 ## - INTERNATIONAL STANDARD BOOK NUMBER
Terms of availability 00.00
035 ## - SYSTEM CONTROL NUMBER
System control number A-363660
037 ## - SOURCE OF ACQUISITION
Source of stock number/acquisition Cen Lib/Ret
040 ## - CATALOGING SOURCE
Original cataloging agency DPL
Language of cataloging HN
082 ## - DEWEY DECIMAL CLASSIFICATION NUMBER
Classification number 823.09
Item number कौल
100 ## - MAIN ENTRY--PERSONAL NAME
Personal name कौल, सोमनाथ
9 (RLIN) 60726
245 ## - TITLE STATEMENT
Title स्वातन्त्रोत्तर हिंदी कहानी /
Statement of responsibility, etc सोमनाथ कौल
246 ## - VARYING FORM OF TITLE
Title proper/short title swantrtottar hindi kahani
Remainder of title by Somnath Koul
260 ## - PUBLICATION, DISTRIBUTION, ETC. (IMPRINT)
Place of publication, distribution, etc नई दिल्ली
Name of publisher, distributor, etc वाणी प्रकाशन
270 ## - ADDRESS
Address नई दिल्ली
City नई दिल्ली
Postal code 110002
300 ## - PHYSICAL DESCRIPTION
Extent 200पृष्ठ.
Dimensions 20सेमी(सजिल्द)
500 ## - GENERAL NOTE
General note सहायक ग्रन्थ सूची शामिल
650 ## - SUBJECT ADDED ENTRY--TOPICAL TERM
Topical term or geographic name as entry element हिंदी साहित्य
9 (RLIN) 60727
650 ## - SUBJECT ADDED ENTRY--TOPICAL TERM
Topical term or geographic name as entry element हिंदी कहानी की प्रष्ठ भूमि
9 (RLIN) 60728
650 ## - SUBJECT ADDED ENTRY--TOPICAL TERM
Topical term or geographic name as entry element Hindi literature
9 (RLIN) 60729
650 ## - SUBJECT ADDED ENTRY--TOPICAL TERM
Topical term or geographic name as entry element Hindi Story Land Prsht
9 (RLIN) 60730
942 ## - ADDED ENTRY ELEMENTS (KOHA)
Source of classification or shelving scheme Dewey Decimal Classification
Koha item type Hindi Books
Classification part 824
Call number suffix कौल
Holdings
Withdrawn status Lost status Damaged status Not for loan Home library Current library Date acquired Source of acquisition Cost, normal purchase price Total Checkouts Full call number Barcode Date last seen Copy number Cost, replacement price Price effective from Koha item type
        Central Library Central Library 19/08/2015 Cen Lib/Ret 0.00   823.09 कौल A-363660 19/08/2015 1 0.00 19/08/2015 Hindi Books

© Delhi Public Library
Hit Counter
free hit counter